000 00360nam a22001457a 4500
003 OSt
005 20160727222454.0
008 160705b xxu||||| |||| 00| 0 eng d
040 _cTEST
100 _92115
_a Maltz, M
245 _aPsycho - Cybernetics
260 _aN.Y
_b An Essanders Special Edition
_c1960
300 _aPsycho - Cybernetics
942 _2ddc
_cBK
999 _c1810
_d1810